| 000 | 01049nam a22002417a 4500 | ||
|---|---|---|---|
| 003 | OSt | ||
| 005 | 20210427081708.0 | ||
| 008 | 210217s2009 ||||| |||| 00| 0 eng d | ||
| 020 | _a9781416059554 | ||
| 020 | _a9996058344 (vol. 1) | ||
| 020 | _a9996058409 (vol. 2) | ||
| 020 | _a9996058468 (vol. 3) | ||
| 040 |
_aeng _beng _cDLC |
||
| 041 | _aeng | ||
| 080 |
_a659.3 _bO-33 |
||
| 245 |
_aThe Official ABMS Directory of Board Certified Medical Specialists / Volume 2 _b: Neurologists, Nuclear Medicine Specialists, Obstetricians and Gynecologists, Ophthalmologists, Orthopedic Surgeons, Otolaryngologists, Pathologists, Pediatricians, PM&R Specialists (Physiatrists), Plastic Surgeons, Preventive Medicine Specialists, Psychiatrists, Radiologists, Radiologic Physicists, Surgeons, Thoracic Surgeons, Urologists _c/ by: Elsevier, Saunders |
||
| 250 | _a41st edition | ||
| 260 |
_aSt. Louis, Miss _bElsevier, Saunders _c2009 |
||
| 300 | _a2569 p. | ||
| 650 | 0 |
_9746 _aInformation |
|
| 653 | _aინფორმაცია | ||
| 942 |
_2udc _cBK _e41 |
||
| 999 |
_c1497 _d1497 |
||